Statistiken für Städte und Gemeinden im Landkreis Südliche Weinstraße

Klicken Sie hier um das Quiz zu spielen!

Allgemein

  • Dieses Quiz wurde 7 mal gespielt
  • Das Durchschnittsergebnis liegt bei 37 aus 75

Antwortstatistiken

HintAntwort% Korrekt
Annweiler am TrifelsAnnweiler
100%
Bad BergzabernBad Bergzabern
83%
EdenkobenEdenkoben
83%
Herxheim bei LandauHerxheim
83%
MaikammerMaikammer
83%
Offenbach (Queich)Offenbach
83%
Bad BergzabernHergersweiler
67%
Herxheim bei LandauInsheim
67%
Bad BergzabernKlingenmünster
67%
Bad BergzabernOberhausen
67%
Herxheim bei LandauRohrbach
67%
Annweiler am TrifelsAlbersweiler
50%
EdenkobenAltdorf
50%
Bad BergzabernBarbelroth
50%
Landau-LandBilligheim-Ingenheim
50%
Bad BergzabernBirkenhördt
50%
Landau-LandBirkweiler
50%
EdenkobenBöbingen
50%
Landau-LandBöchingen
50%
Bad BergzabernBöllenborn
50%
Offenbach (Queich)Bornheim
50%
Bad BergzabernDierbach
50%
Bad BergzabernDörrenbach
50%
EdenkobenEdesheim
50%
Offenbach (Queich)Essingen
50%
Annweiler am TrifelsEußerthal
50%
Landau-LandFrankweiler
50%
EdenkobenFreimersheim
50%
EdenkobenGleisweiler
50%
Bad BergzabernGleiszellen-Gleishorbach
50%
EdenkobenGommersheim
50%
Annweiler am TrifelsGossersweiler-Stein
50%
EdenkobenGroßfischlingen
50%
Offenbach (Queich)Hochstadt
50%
Landau-LandIlbesheim
50%
Landau-LandImpflingen
50%
Bad BergzabernKapellen-Drusweiler
50%
Bad BergzabernKapsweyer
50%
MaikammerKirrweiler
50%
EdenkobenKleinfischlingen
50%
Landau-LandKnöringen
50%
Landau-LandLeinsweiler
50%
Annweiler am TrifelsMünchweiler
50%
Bad BergzabernOberotterbach
50%
Bad BergzabernOberschlettenbach
50%
Bad BergzabernPleisweiler-Oberhofen
50%
Annweiler am TrifelsRamberg
50%
Landau-LandRanschbach
50%
EdenkobenRhodt
50%
Annweiler am TrifelsRinnthal
50%
Bad BergzabernSchweigen-Rechtenbach
50%
Bad BergzabernSchweighofen
50%
Annweiler am TrifelsSilz
50%
Bad BergzabernSteinfeld
50%
MaikammerSt. Martin
50%
EdenkobenVenningen
50%
Bad BergzabernVorderweidenthal
50%
Landau-LandWalsheim
50%
EdenkobenWeyher
50%
EdenkobenBurrweiler
33%
Annweiler am TrifelsDernbach
33%
Landau-LandEschbach
33%
EdenkobenFlemlingen
33%
Landau-LandGöcklingen
33%
Herxheim bei LandauHerxheimweyher
33%
Bad BergzabernNiederotterbach
33%
EdenkobenRoschbach
33%
Landau-LandSiebeldingen
33%
Annweiler am TrifelsVölkersweiler
33%
Annweiler am TrifelsWaldhambach
33%
Annweiler am TrifelsWaldrohrbach
33%
EdenkobenHainfeld
17%
Landau-LandHeuchelheim-Klingen
17%
Bad BergzabernNiederhorbach
17%
Annweiler am TrifelsWernersberg
17%

Verteilung der Resultate

Perzentil nach korrekt beantworteten Fragen

Anzahl Personen mit jedem Resultat

Ihre Resultats-Entwicklung

Sie haben dieses Quiz noch nicht gespielt